Diseño de un sistema de gestión para la atención integral a domicilio de adolecentes con calidad de vida disminuida

Guardat en:
Dades bibliogràfiques
Autor principal: Hernández González, Emelina
Altres autors: Cazanga Soto, Javier
Format: Llibre
Publicat: [San José, Costa Rica] 2009
Matèries:
Etiquetes: Afegir etiqueta
Sense etiquetes, Sigues el primer a etiquetar aquest registre!

MARC

LEADER 00000nam a2200000Ia 4500
003 001249
005 20221231144054.0
008 140114s2009 cr a 000 ||s d
040 |c cru CEDI  
090 |a TFG 5772 
100 |a Hernández González, Emelina  |9 4048 
245 |a Diseño de un sistema de gestión para la atención integral a domicilio de adolecentes con calidad de vida disminuida  
260 |c 2009  |b [San José, Costa Rica] 
300 |a (Las páginas están númeradas: i-x, 11-272); ilustraciones 
500 |a Tesis (licenciatura en ingeniería industrial)--Universidad de Costa Rica. Facultad de Ingeniería. Escuela de Ingeniería Industrial 
650 |x SERVICIOS DE ATENCION DOMICILIARIA  |x ATENCION INTEGRAL DE SALUD   |x  CALIDAD DE VIDA   |x  MUCHACHOS ADOLESCENTES  |x  ENFERMEDADES   |x ATENCION MEDICA   |9 4051 
700 |9 4050  |a Cazanga Soto, Javier  
942 |c TFG 
999 |c 16463  |d 16463